| 000 | 00843cam a2200277 a 4500 | ||
|---|---|---|---|
| 999 |
_c2816 _d2816 |
||
| 001 | 01027818 | ||
| 003 | OSt | ||
| 005 | 20230823075241.0 | ||
| 008 | 080322s2005 enkab 000 1 eng d | ||
| 020 | _a1405057785 (pbk.) | ||
| 020 |
_a9781405057783 _cpaperback |
||
| 040 |
_aNCTU _cKH8 |
||
| 041 | 0 | _aeng | |
| 082 | _a400 GRA | ||
| 100 | 1 |
_aGrafton, Sue, _eauthor. |
|
| 245 | 1 | 0 |
_a"L" is for lawless / _cSue Grafton. |
| 260 |
_aOxford : _bMacmillan, _cc2005. |
||
| 300 |
_a110 p. : _bill., map ; _c20 cm. |
||
| 440 | 0 |
_aMacmillan readers. _n5, _pIntermediate level. |
|
| 650 | 0 |
_aMillhone, Kinsey (Fictitious character) _vFiction. |
|
| 650 | 0 |
_aWomen private investigators _zCalifornia _vFiction. |
|
| 650 | 0 |
_aEnglish language _vTextbooks for foreign speakers. |
|
| 650 | 0 | _aReaders. | |
| 651 | 0 |
_aCalifornia _vFiction. |
|
| 942 |
_2ddc _cTR |
||